[Event "Ct. Catalunya eq DH"]
[Site "?"]
[Date "2013.02.23"]
[Round "6.8"]
[White "Almirall Botella, J."]
[Black "Colls Gelaberto, E."]
[Result "1/2-1/2"]
[WhiteElo "2056"]
[BlackElo "2122"]
[PlyCount "112"]
[EventDate "2013.??.??"]
[EventType "tourn"]
[EventRounds "11"]

1. d4 Nf6 2. c4 g6 3. Nc3 Bg7 4. e4 d6 5. Bg5 h6 6. Bh4 O-O 7. f4 c5 8. d5 Qa5
9. Bd3 e6 10. Nf3 exd5 11. cxd5 c4 12. Bc2 Na6 13. O-O Qb6+ 14. Bf2 Qxb2 15.
Bd4 Nb4 16. Ba4 Qa3 17. Nb5 Qd3 18. Nxd6 Rd8 19. Qxd3 Nxd3 20. Nxc4 Nxe4 21.
Bxg7 Kxg7 22. Nce5 Nec5 23. Bb5 Nxe5 24. Nxe5 f6 25. Rac1 b6 26. Bc6 Ba6 27.
Nc4 Rac8 28. Rf3 Ne4 29. Ra3 Nc5 30. Nb2 Bb7 31. Rxc5 bxc5 32. Bxb7 Rb8 33. Rb3
Re8 34. Kf2 Re4 35. Bc6 Rxb3 36. axb3 Rxf4+ 37. Ke3 Rb4 38. Ba4 Rd4 39. Bc6 Rb4
40. Nc4 Rxb3+ 41. Kd2 Rb1 42. d6 Kf7 43. d7 Ke7 44. Nd6 Rb4 45. Nb7 Rxb7 46.
Bxb7 Kxd7 47. Ba6 Kd6 48. Kd3 f5 49. Kc4 g5 50. Bc8 f4 51. Bg4 a5 52. Bd1 Kc6
53. Ba4+ Kd6 54. Be8 g4 55. Bh5 f3 56. gxf3 gxf3 1/2-1/2

[Event "Ct. Catalunya eq DH"]
[Site "?"]
[Date "2013.02.23"]
[Round "6.8"]
[White "De la Riva Aguado, J."]
[Black "Avila Jimenez, X."]
[Result "1/2-1/2"]
[WhiteElo "2320"]
[BlackElo "2250"]
[PlyCount "31"]
[EventDate "2013.??.??"]
[EventType "tourn"]
[EventRounds "11"]

1. e4 d5 2. exd5 Nf6 3. d4 Nxd5 4. Nf3 Bg4 5. Be2 e6 6. O-O Be7 7. h3 Bf5 8. a3
O-O 9. c4 Nb6 10. Nc3 Bf6 11. Be3 N8d7 12. Qd2 a5 13. Rfd1 Qe8 14. c5 Nd5 15.
Nxd5 exd5 16. Bd3 1/2-1/2

[Event "Ct. Catalunya eq DH"]
[Site "?"]
[Date "2013.02.23"]
[Round "6.8"]
[White "Martin Gonzalez, A."]
[Black "Castellano Egea, E."]
[Result "1-0"]
[WhiteElo "2440"]
[BlackElo "2296"]
[PlyCount "77"]
[EventDate "2013.??.??"]
[EventType "tourn"]
[EventRounds "11"]

1. e4 e6 2. d4 d5 3. Nc3 Nf6 4. Bg5 Be7 5. e5 Nfd7 6. Bxe7 Qxe7 7. f4 a6 8. Nf3
c5 9. dxc5 Nc6 10. Qd2 Qxc5 11. Bd3 b5 12. a3 Bb7 13. b4 Qe7 14. Qf2 f6 15. O-O
fxe5 16. fxe5 Ndxe5 17. Nxd5 exd5 18. Nxe5 Nxe5 19. Rae1 O-O-O 20. Qf5+ Kb8 21.
Qxe5+ Qxe5 22. Rxe5 Rd7 23. Rfe1 g6 24. h4 Rg8 25. R1e3 Kc7 26. Rg5 Kd6 27. h5
Rdg7 28. Reg3 Bc8 29. hxg6 hxg6 30. Kf2 Rf8+ 31. Rf3 Rgf7 32. Bxg6 Rxf3+ 33.
gxf3 Be6 34. Bd3 Ra8 35. Rg6 Ke7 36. Ke3 Kf7 37. Rh6 Rc8 38. Kd4 Ke7 39. Ke5
1-0

[Event "Ct. Catalunya eq DH"]
[Site "?"]
[Date "2013.02.23"]
[Round "6.8"]
[White "Rahal, M."]
[Black "Martinez Ramirez, E."]
[Result "1/2-1/2"]
[WhiteElo "2433"]
[BlackElo "2373"]
[PlyCount "53"]
[EventDate "2013.??.??"]
[EventType "tourn"]
[EventRounds "11"]

1. e4 c5 2. Nf3 g6 3. c4 Nc6 4. d4 cxd4 5. Nxd4 Bg7 6. Be3 d6 7. Nc3 Nh6 8. Be2
f5 9. exf5 Nxf5 10. Nxf5 Bxf5 11. Rc1 O-O 12. O-O Ne5 13. b3 Bd7 14. Nd5 e6 15.
Nc3 Bc6 16. f4 Nf7 17. b4 b6 18. Bf3 Rc8 19. Bxc6 Rxc6 20. Nb5 Qd7 21. Bd4 a6
22. Bxg7 Kxg7 23. Nd4 Rc7 24. Qg4 Re8 25. Rfe1 e5 26. Qxd7 Rxd7 27. Nb3 1/2-1/2

[Event "Ct. Catalunya eq DH"]
[Site "?"]
[Date "2013.02.23"]
[Round "6.8"]
[White "Van Hasselt, F."]
[Black "Baños, OF."]
[Result "0-1"]
[WhiteElo "2248"]
[BlackElo "2314"]
[PlyCount "94"]
[EventDate "2013.??.??"]
[EventType "tourn"]
[EventRounds "11"]

1. c4 e5 2. g3 Nc6 3. Nc3 g6 4. Bg2 Bg7 5. e4 Nf6 6. Nge2 d6 7. O-O Be6 8. d3
Qd7 9. Nd5 O-O 10. Bg5 Ne8 11. Qd2 f6 12. Be3 Bh3 13. b4 Bxg2 14. Kxg2 f5 15.
b5 Nd8 16. Rac1 c6 17. Ndc3 Nf6 18. exf5 gxf5 19. d4 Qf7 20. c5 Nh5 21. f4 exd4
22. Bxd4 Bxd4 23. Qxd4 Ne6 24. Qd3 dxc5 25. bxc6 bxc6 26. Na4 Rad8 27. Qa3 Rd2
28. Rf2 Nf6 29. Nec3 Rfd8 30. Rc2 Rxc2 31. Rxc2 Ng4 32. Ne2 Nd4 33. Nxd4 cxd4
34. Rc1 d3 35. Nb2 Qd5+ 36. Kh3 Rd6 37. Kh4 Rh6+ 38. Kg5 Rg6+ 39. Kh5 Nf6+ 40.
Kh4 Qf3 41. Qb3+ Nd5 42. Qb8+ Kg7 43. Qe5+ Nf6 44. Qe7+ Kh8 45. Qd8+ Kg7 46.
Qe7+ Kh8 47. Qd8+ Ng8 0-1

[Event "Ct. Catalunya eq DH"]
[Site "?"]
[Date "2013.02.23"]
[Round "6.9"]
[White "Bautista Sanchez, J."]
[Black "Arias Boo, G."]
[Result "0-1"]
[WhiteElo "2294"]
[BlackElo "2389"]
[PlyCount "74"]
[EventDate "2013.??.??"]
[EventType "tourn"]
[EventRounds "11"]

1. Nf3 f5 2. c4 Nf6 3. Nc3 e6 4. g3 d5 5. cxd5 exd5 6. Bg2 Bd6 7. O-O O-O 8. d4
c6 9. Bf4 Bxf4 10. gxf4 Ne4 11. e3 Nd7 12. Ne5 Nxe5 13. fxe5 Nxc3 14. bxc3 f4
15. Kh1 Qh4 16. exf4 Rxf4 17. Qd3 Be6 18. Qg3 Qh6 19. f3 Raf8 20. Rab1 b6 21.
Rb2 Rh4 22. Rbf2 Rff4 23. Kg1 Rh5 24. Re2 Rfh4 25. f4 Rg4 26. Qf3 Rh3 27. Qxg4
Bxg4 28. Bxh3 Bxe2 29. Rf2 Qxh3 30. Rxe2 Qg4+ 31. Kf1 Qxf4+ 32. Kg2 Qg4+ 33.
Kf2 Kf8 34. Re3 Ke7 35. h3 Qh4+ 36. Kg2 c5 37. dxc5 bxc5 0-1

[Event "Ct. Catalunya eq DH"]
[Site "?"]
[Date "2013.02.23"]
[Round "6.9"]
[White "Espinoza Palomino, W."]
[Black "Hernando Rodrigo, JM."]
[Result "1-0"]
[WhiteElo "2290"]
[BlackElo "2393"]
[PlyCount "47"]
[EventDate "2013.??.??"]
[EventType "tourn"]
[EventRounds "11"]

1. e4 d5 2. exd5 Qxd5 3. Nc3 Qa5 4. d4 Nf6 5. Nf3 Bg4 6. h3 Bh5 7. g4 Bg6 8.
Ne5 e6 9. Nc4 Qa6 10. h4 Bb4 11. Rh3 Qa4 12. Bd2 Bxc3 13. Rxc3 h5 14. Nd6+ cxd6
15. Rc8+ Ke7 16. Rxh8 Bxc2 17. Qf3 Be4 18. Qc3 hxg4 19. Bg5 Qc6 20. Qb3 Bd5 21.
Qd3 Na6 22. Rxa8 Bxa2 23. Rc1 Qd5 24. Qxa6 1-0

[Event "Ct. Catalunya eq DH"]
[Site "?"]
[Date "2013.02.23"]
[Round "6.9"]
[White "Fernandez Cazorla, A."]
[Black "Fassnacht, P."]
[Result "1-0"]
[WhiteElo "2303"]
[BlackElo "2204"]
[PlyCount "57"]
[EventDate "2013.??.??"]
[EventType "tourn"]
[EventRounds "11"]

1. Nf3 d6 2. d4 Nd7 3. g3 e5 4. Bg2 Ngf6 5. O-O Be7 6. c4 O-O 7. Nc3 c6 8. Qc2
a5 9. Rd1 Qc7 10. Nh4 Re8 11. Nf5 Bf8 12. Bg5 h6 13. Be3 Ng4 14. Bc1 g6 15. h3
gxf5 16. hxg4 fxg4 17. Qf5 Bg7 18. Qxg4 Nf6 19. Qh4 Kh7 20. Bxh6 Bf5 21. Bg5+
Kg6 22. e4 Bd7 23. f4 Rh8 24. f5+ Bxf5 25. exf5+ Kxf5 26. Rf1+ Kg6 27. Be4+
Nxe4 28. Qxe4+ Kxg5 29. Rf5+ 1-0

[Event "Ct. Catalunya eq DH"]
[Site "?"]
[Date "2013.02.23"]
[Round "6.9"]
[White "Lillo Ferrer, JM."]
[Black "Gonzalez Alonso, F."]
[Result "1-0"]
[WhiteElo "2200"]
[BlackElo "1995"]
[PlyCount "65"]
[EventDate "2013.??.??"]
[EventType "tourn"]
[EventRounds "11"]

1. e4 c5 2. d3 e5 3. Nf3 Nc6 4. g3 Nf6 5. Bg2 Be7 6. O-O O-O 7. Nbd2 d6 8. a3
a5 9. a4 b6 10. Nc4 Rb8 11. h3 Bd7 12. c3 Qc8 13. Kh2 h6 14. Nh4 Nh7 15. Nf5
Bxf5 16. exf5 Nf6 17. f4 Qc7 18. Qf3 Rbc8 19. Re1 Nd7 20. h4 Bf6 21. Qd5 Ne7
22. Qxd6 Nxf5 23. Qxc7 Rxc7 24. fxe5 Bd8 25. Bf4 g5 26. hxg5 hxg5 27. Bd2 Kg7
28. Bh3 Nh6 29. Nd6 Rh8 30. Kg1 Be7 31. d4 Kg6 32. Nb5 Rcc8 33. Bxd7 1-0

[Event "Ct. Catalunya eq DH"]
[Site "?"]
[Date "2013.02.23"]
[Round "6.9"]
[White "Lopez Agustench, E."]
[Black "Lopez Santana, O."]
[Result "1/2-1/2"]
[WhiteElo "2231"]
[BlackElo "2272"]
[PlyCount "105"]
[EventDate "2013.??.??"]
[EventType "tourn"]
[EventRounds "11"]

1. d4 Nf6 2. Nf3 e6 3. c4 c5 4. Nc3 cxd4 5. Nxd4 Bb4 6. Bd2 O-O 7. a3 Bxc3 8.
Bxc3 d5 9. cxd5 Qxd5 10. Nf3 Rd8 11. Qxd5 Nxd5 12. Bd2 b6 13. e3 Nd7 14. Nd4
Bb7 15. Rc1 Nc5 16. Bb4 Na4 17. b3 a5 18. Be7 Nxe7 19. bxa4 Rac8 20. Rxc8 Rxc8
21. Kd2 e5 22. Nf3 f6 23. Bb5 Kf7 24. Rb1 Bxf3 25. gxf3 Ke6 26. Bd3 Rc6 27. Be4
Rd6+ 28. Kc2 f5 29. Ba8 Kd7 30. Rb5 Ke6 31. h4 f4 32. exf4 exf4 33. Be4 g6 34.
Kc3 h6 35. Kc4 Kf7 36. Rb1 Nc8 37. Rg1 Ne7 38. Rg4 Rf6 39. Kb5 Nf5 40. Bxf5
Rxf5+ 41. Kxb6 Kf6 42. Kc6 h5 43. Rg1 Re5 44. Rd1 g5 45. hxg5+ Rxg5 46. Rh1 Kg6
47. Kd6 Rg2 48. Ke5 Kg5 49. Ke4 h4 50. Ke5 h3 51. Rxh3 Rxf2 52. Ke4 Re2+ 53.
Kd4 1/2-1/2

[Event "Ct. Catalunya eq DH"]
[Site "?"]
[Date "2013.02.23"]
[Round "6.10"]
[White "Aalbersberg Kroon, P."]
[Black "Pinsach Gelabert, A."]
[Result "0-1"]
[WhiteElo "2178"]
[BlackElo "1978"]
[PlyCount "68"]
[EventDate "2013.??.??"]
[EventType "tourn"]
[EventRounds "11"]

1. e4 e5 2. Nf3 Nc6 3. Bb5 a6 4. Ba4 Nf6 5. d4 Nxe4 6. O-O Be7 7. Re1 d5 8.
Nxe5 Bd7 9. Nxc6 bxc6 10. f3 Nd6 11. Qe2 Nf5 12. c3 O-O 13. g4 Bh4 14. gxf5 Re8
15. Be3 Bxe1 16. Qxe1 Qe7 17. f6 Qxe3+ 18. Qxe3 Rxe3 19. Nd2 Rae8 20. Rf1 Re2
21. Rf2 Bh3 22. Rxe2 Rxe2 23. Nb3 Rg2+ 24. Kf1 Rxb2+ 25. Ke1 Bd7 26. Nc5 Rxa2
27. fxg7 Be8 28. h4 Kxg7 29. Kd1 Kh6 30. Bb3 Rf2 31. Nxa6 Rxf3 32. Nxc7 Rxc3
33. Bc2 Bd7 34. Na6 Rc4 0-1

[Event "Ct. Catalunya eq DH"]
[Site "?"]
[Date "2013.02.23"]
[Round "6.10"]
[White "Castillo Fernandez, C."]
[Black "Ruiz Manchon, FX."]
[Result "1/2-1/2"]
[WhiteElo "2223"]
[BlackElo "2154"]
[PlyCount "43"]
[EventDate "2013.??.??"]
[EventType "tourn"]
[EventRounds "11"]

1. Nf3 c5 2. c4 b6 3. g3 Bb7 4. Bg2 Nf6 5. O-O e6 6. b3 Be7 7. Bb2 O-O 8. Nc3
d5 9. e3 dxc4 10. bxc4 Nc6 11. Qe2 Rc8 12. Rfd1 Qc7 13. d3 Rfd8 14. Ne1 a6 15.
f4 Ba8 16. Rab1 Rb8 17. Ba1 Na7 18. Bxa8 Rxa8 19. g4 Rab8 20. g5 Ne8 21. Ne4 b5
22. Be5 1/2-1/2

[Event "Ct. Catalunya eq DH"]
[Site "?"]
[Date "2013.02.23"]
[Round "6.10"]
[White "Colon Garcia, E."]
[Black "Gomez Jurado, LA."]
[Result "1-0"]
[WhiteElo "2381"]
[BlackElo "2322"]
[PlyCount "79"]
[EventDate "2013.??.??"]
[EventType "tourn"]
[EventRounds "11"]

1. e4 c6 2. Nc3 d5 3. Nf3 Bg4 4. Be2 e6 5. d4 Nf6 6. e5 Nfd7 7. Ng5 Bxe2 8.
Qxe2 Be7 9. Qh5 g6 10. Qh6 Bf8 11. Qh3 Bg7 12. O-O Qe7 13. f4 Na6 14. a4 Nb4
15. Rf2 h6 16. Nf3 a6 17. b3 c5 18. Ba3 Bf8 19. Re1 O-O-O 20. Kh1 Kb8 21. Rd2
Rc8 22. dxc5 a5 23. Nb5 Nxc5 24. Nd6 Rc6 25. Nd4 Rxd6 26. exd6 Qxd6 27. Qe3 g5
28. f5 Ne4 29. c3 Qf4 30. Qxf4+ gxf4 31. Rxe4 dxe4 32. cxb4 Bxb4 33. Bxb4 axb4
34. fxe6 e3 35. Rd1 fxe6 36. Nxe6 Rc8 37. Nxf4 Rc3 38. Rb1 Rc2 39. Kg1 Rd2 40.
Re1 1-0

[Event "Ct. Catalunya eq DH"]
[Site "?"]
[Date "2013.02.23"]
[Round "6.10"]
[White "Mestre Bellido, H."]
[Black "Subirats Ruiz, S."]
[Result "1/2-1/2"]
[WhiteElo "2357"]
[BlackElo "2253"]
[PlyCount "104"]
[EventDate "2013.??.??"]
[EventType "tourn"]
[EventRounds "11"]

1. e4 e5 2. Bc4 Nf6 3. d3 c6 4. Nf3 d5 5. Bb3 Bb4+ 6. c3 Bd6 7. Nbd2 O-O 8. O-O
Nbd7 9. Re1 Nc5 10. Bc2 Bg4 11. h3 Bh5 12. Nf1 Re8 13. Ng3 Bg6 14. Nh4 Bc7 15.
Nxg6 hxg6 16. Qf3 Ne6 17. Be3 d4 18. Bd2 b5 19. Ne2 Nh7 20. Bb3 dxc3 21. bxc3
Qf6 22. Qg3 Rad8 23. Rad1 Nhf8 24. Be3 g5 25. f3 Nf4 26. Nc1 Ba5 27. Bd2 Rd7
28. Kh1 Red8 29. Bc2 N8e6 30. Qf2 c5 31. Nb3 Bb6 32. Qf1 c4 33. dxc4 bxc4 34.
Qxc4 Nxh3 35. Be3 Rxd1 36. Rxd1 Bxe3 37. Rxd8+ Nxd8 38. Qe2 Nf2+ 39. Kg1 Nd1+
40. Kf1 Qh6 41. Qxd1 Ne6 42. g3 Qh2 43. Qe1 Bb6 44. Bd1 Qg1+ 45. Ke2 Qg2+ 46.
Kd3 Qxa2 47. Qd2 Qa3 48. Kc2 a5 49. Qc1 Qe7 50. Qa1 Qd7 51. Nxa5 Nc5 52. Be2
Qa7 1/2-1/2

[Event "Ct. Catalunya eq DH"]
[Site "?"]
[Date "2013.02.23"]
[Round "6.10"]
[White "Ribera Baztan, J."]
[Black "Castellet Giralt, G."]
[Result "1/2-1/2"]
[WhiteElo "2190"]
[BlackElo "2285"]
[PlyCount "86"]
[EventDate "2013.??.??"]
[EventType "tourn"]
[EventRounds "11"]

1. d4 d5 2. c4 c6 3. Nf3 Nf6 4. e3 Bg4 5. Qb3 Qb6 6. Nc3 Bxf3 7. gxf3 e6 8.
Qxb6 axb6 9. e4 dxc4 10. Bxc4 Nbd7 11. Be3 Bb4 12. Ke2 b5 13. Bb3 O-O 14. Rac1
Ba5 15. Rhd1 Rfc8 16. Rc2 Nb6 17. a3 Nc4 18. Na2 Nxe3 19. fxe3 Bb6 20. Nc1 Rd8
21. Nd3 Kf8 22. Rcd2 Ke7 23. Nf4 Bc7 24. e5 Nd5 25. Nxd5+ cxd5 26. Bc2 f6 27.
f4 fxe5 28. dxe5 Bb6 29. Bxh7 Rh8 30. Bc2 Rxh2+ 31. Kd3 Rh3 32. Re2 d4 33. Rg1
Rg8 34. Bb3 Rxe3+ 35. Rxe3 dxe3 36. Ke4 g6 37. Kf3 Rg7 38. Bc2 Bd4 39. b3 Kf7
40. Bd3 b4 41. axb4 Rg8 42. Bc4 Ra8 43. Rd1 Rd8 1/2-1/2

[Event "Ct. Catalunya eq DH"]
[Site "?"]
[Date "2013.03.02"]
[Round "7.1"]
[White "Alonso Rosell, A."]
[Black "Movsziszian, K."]
[Result "1/2-1/2"]
[WhiteElo "2576"]
[BlackElo "2517"]
[PlyCount "72"]
[EventDate "2013.??.??"]
[EventType "tourn"]
[EventRounds "11"]

1. d4 g6 2. c4 Bg7 3. e4 d6 4. Nf3 Nf6 5. Nc3 O-O 6. h3 c5 7. d5 e6 8. Bd3 exd5
9. exd5 Re8+ 10. Be3 Na6 11. O-O Nc7 12. Qd2 b5 13. Bg5 bxc4 14. Bxc4 Bb7 15.
Qf4 h6 16. Bxh6 Nfxd5 17. Nxd5 Nxd5 18. Bxd5 Bxd5 19. Bxg7 Kxg7 20. Rfd1 Bxf3
21. Rxd6 Qe7 22. gxf3 Rad8 23. Rad1 Rxd6 24. Rxd6 Rh8 25. Kg2 Rh5 26. b3 Rg5+
27. Kf1 Rf5 28. Qg3 a5 29. Rd1 Qf6 30. Qd6 Qh4 31. Qg3 Qxg3 32. fxg3 Rxf3+ 33.
Kg2 Rc3 34. Rf1 f5 35. Rf3 Rc1 36. Rf1 Rc3 1/2-1/2

[Event "Ct. Catalunya eq DH"]
[Site "?"]
[Date "2013.03.02"]
[Round "7.1"]
[White "Alsina Leal, D."]
[Black "Alonso Garcia, R."]
[Result "1-0"]
[WhiteElo "2513"]
[BlackElo "2370"]
[PlyCount "55"]
[EventDate "2013.??.??"]
[EventType "tourn"]
[EventRounds "11"]

1. e4 e5 2. Nf3 Nc6 3. Bb5 a6 4. Ba4 Nf6 5. O-O Nxe4 6. d4 exd4 7. Re1 d5 8.
Nxd4 Bd6 9. Nxc6 Bxh2+ 10. Kh1 Qh4 11. Rxe4+ dxe4 12. Qd8+ Qxd8 13. Nxd8+ Kxd8
14. Kxh2 Be6 15. c3 f5 16. Be3 g6 17. Nd2 Kc8 18. f3 b5 19. Bd1 Re8 20. fxe4
fxe4 21. Bc2 Bd5 22. b3 Kb7 23. c4 Bc6 24. b4 bxc4 25. Nxc4 Bd5 26. Na5+ Kc8
27. Ba4 Re6 28. Rf1 1-0

[Event "Ct. Catalunya eq DH"]
[Site "?"]
[Date "2013.03.02"]
[Round "7.1"]
[White "Beltran Rueda, S."]
[Black "Moskalenko, V."]
[Result "1/2-1/2"]
[WhiteElo "2479"]
[BlackElo "2568"]
[PlyCount "67"]
[EventDate "2013.??.??"]
[EventType "tourn"]
[EventRounds "11"]

1. Nf3 g6 2. c4 Bg7 3. d4 d6 4. Nc3 Nf6 5. e4 O-O 6. Be2 Bg4 7. Be3 Nfd7 8. Ng1
Bxe2 9. Ngxe2 c5 10. O-O Nc6 11. d5 Nce5 12. b3 a6 13. a4 Nf6 14. Kh1 e6 15. f4
Neg4 16. Bg1 exd5 17. cxd5 h5 18. h3 Nh6 19. Qc2 Re8 20. Bf2 b5 21. axb5 axb5
22. Rxa8 Qxa8 23. Bh4 b4 24. Bxf6 Bxf6 25. Na4 Qb7 26. f5 Be5 27. Qd2 Kg7 28.
Nf4 Qe7 29. Nd3 Qh4 30. Nxe5 Rxe5 31. Rf4 Qg3 32. Rf3 Qh4 33. Rf4 Qg3 34. Rf3
1/2-1/2

[Event "Ct. Catalunya eq DH"]
[Site "?"]
[Date "2013.03.02"]
[Round "7.1"]
[White "Fluvia Poyatos, Joan"]
[Black "Peralta, F."]
[Result "1/2-1/2"]
[WhiteElo "2541"]
[BlackElo "2611"]
[PlyCount "52"]
[EventDate "2013.??.??"]
[EventType "tourn"]
[EventRounds "11"]

1. e4 c6 2. d4 d5 3. Nc3 dxe4 4. Nxe4 Bf5 5. Ng3 Bg6 6. h4 h6 7. Nf3 Nd7 8. h5
Bh7 9. Bd3 Bxd3 10. Qxd3 e6 11. Bd2 Ngf6 12. O-O-O Bd6 13. Ne4 Bc7 14. Rh4 Nxe4
15. Qxe4 Qe7 16. Qe2 O-O-O 17. Bf4 Rhe8 18. Bxc7 Kxc7 19. Rf4 Kb8 20. g3 Rf8
21. Ne5 Qg5 22. Nxd7+ Rxd7 23. Qe5+ Kc8 24. c4 Rfd8 25. Qxg5 hxg5 26. Re4 Rd6
1/2-1/2

[Event "Ct. Catalunya eq DH"]
[Site "?"]
[Date "2013.03.02"]
[Round "7.1"]
[White "Norwood, D."]
[Black "Cuartas Medina, JA."]
[Result "1/2-1/2"]
[WhiteElo "2511"]
[BlackElo "2555"]
[PlyCount "121"]
[EventDate "2013.??.??"]
[EventType "tourn"]
[EventRounds "11"]

1. c4 c6 2. Nf3 d5 3. g3 Nf6 4. Bg2 Bg4 5. Ne5 Be6 6. cxd5 Bxd5 7. Nf3 e5 8.
Nc3 Bxf3 9. Bxf3 Nbd7 10. O-O Bc5 11. Rb1 Qe7 12. a3 e4 13. Bg2 O-O 14. Qc2
Rfe8 15. b4 Bd6 16. b5 c5 17. d3 exd3 18. Qxd3 Rad8 19. Qc2 b6 20. Rd1 h6 21.
Bb2 Be5 22. Bc6 Rf8 23. Qf5 Qe6 24. Qxe6 fxe6 25. a4 Nb8 26. Bf3 a5 27. Kf1 Kf7
28. Ke1 Ke7 29. Rxd8 Rxd8 30. Rd1 Rxd1+ 31. Kxd1 Nbd7 32. Kc2 Kd6 33. h3 Nf8
34. Bg2 Ng6 35. f4 Bd4 36. Kd3 e5 37. e3 c4+ $2 (37... Bxc3 $14) 38. Kxc4 $18
Bxe3 39. Ba3+ $2 $11 (39. Ne4+ $18 Kd7 (39... Ke6 40. Nxf6 Kxf6 (40... gxf6 41.
f5+ Kxf5 42. Kd3 Bc5 43. Be4+ Kg5 44. Bc1+) 41. Be4) 40. fxe5 $18) 39... Ke6
40. Nd5 exf4 41. gxf4 Nxd5 42. Bxd5+ Kf5 43. Bb2 Nxf4 44. Bxg7 Kg6 45. Bd4 Bxd4
46. Kxd4 Kf6 47. h4 Ke7 48. Ke4 Ne2 49. Kf5 $6 (49. Ke5 Nc3 50. Bb3 Nb1 51. Kd5
Nd2 52. Bc2 Kd7 53. Bf5+ Kc7 54. Bd3 Nb3 55. Ke5 $18) 49... Kd6 50. Bc4 Nd4+
51. Kg6 Nf3 $2 (51... Kc5 52. Bd3 Nf3 53. Kh5 Kb4 54. Bc2 Nd4 $11) 52. Kh5 Ke5
53. Be2 Nd4 54. Bg4 $2 (54. Bd3 Nf3 55. Bc4 Ke4 56. Be6 Nd4 57. Bd7 $18) 54...
Kf4 55. Bd1 Nf5 56. Bc2 Ne3 57. Bb3 Nf5 58. Bc2 Ne3 59. Bb3 Nf5 60. Bc2 Ne3 61.
Bb3 1/2-1/2

[Event "Ct. Catalunya eq DH"]
[Site "?"]
[Date "2013.03.02"]
[Round "7.2"]
[White "Cruz Sanchez, C."]
[Black "Lacasa Diaz, JA."]
[Result "0-1"]
[WhiteElo "2547"]
[BlackElo "2451"]
[PlyCount "110"]
[EventDate "2013.??.??"]
[EventType "tourn"]
[EventRounds "11"]

1. d4 Nf6 2. c4 c5 3. d5 e6 4. Nc3 exd5 5. cxd5 d6 6. Nf3 g6 7. g3 Bg7 8. Bg2
O-O 9. O-O Re8 10. Bf4 Ne4 11. Nxe4 Rxe4 12. Nd2 Rxf4 13. gxf4 Bxb2 14. Rb1 Bg7
15. Nc4 b6 16. Qc2 Ba6 17. a4 Qe7 18. Rfe1 Nd7 19. Na3 Rc8 20. Nb5 Bxb5 21.
axb5 c4 22. Rb4 c3 23. Re4 Qd8 24. Ra4 Rc7 25. Rea1 Qb8 26. e3 Nc5 27. R4a3 f5
28. R1a2 Bf6 29. Bf3 Kg7 30. Qb1 Kh6 31. Qf1 Kg7 32. Bd1 Ne4 33. Bc2 Bh4 34.
Qa1 Kh6 35. Bxe4 fxe4 36. Qd1 Qc8 37. Rc2 Bf6 38. Kg2 Qd7 39. Ra4 Qxb5 40. Rxe4
Rc5 41. Qg4 Rxd5 42. Qh3+ Rh5 43. Qe6 Qd3 44. Rc1 Bg7 45. Rc4 Qd5+ 46. Qxd5
Rxd5 47. e4 Rd2 48. e5 dxe5 49. R1xc3 exf4 50. Rf3 Be5 51. Re4 Bd6 52. Rc3 Kg5
53. Kf3 Kf5 54. Ra4 g5 55. h3 h5 0-1

[Event "Ct. Catalunya eq DH"]
[Site "?"]
[Date "2013.03.02"]
[Round "7.2"]
[White "Cuadras Avellana, J."]
[Black "Fluvia Poyatos, Jordi"]
[Result "0-1"]
[WhiteElo "2513"]
[BlackElo "2370"]
[PlyCount "86"]
[EventDate "2013.??.??"]
[EventType "tourn"]
[EventRounds "11"]

1. e4 d6 2. d4 Nf6 3. Nc3 g6 4. Nf3 Bg7 5. Be2 O-O 6. O-O Nc6 7. d5 Ne5 8. Nxe5
dxe5 9. Be3 e6 10. dxe6 Bxe6 11. Qxd8 Rfxd8 12. Rad1 Rxd1 13. Rxd1 c6 14. h3
Bf8 15. a3 b5 16. Bf3 h5 17. Ne2 a5 18. Nc1 Nd7 19. Nd3 f6 20. Be2 c5 21. Ne1
c4 22. c3 Nc5 23. Bxc5 Bxc5 24. Nc2 Kf7 25. Kf1 Ke7 26. Bf3 Rb8 27. Ke2 f5 28.
h4 f4 29. g3 Rf8 30. Rg1 Bg4 31. Bxg4 hxg4 32. gxf4 Rxf4 33. Ne3 Ke6 34. Nxg4
Rxe4+ 35. Ne3 Bxe3 36. fxe3 Rxh4 37. Rxg6+ Kd5 38. Rb6 Rh2+ 39. Kf3 e4+ 40. Kg3
Rxb2 41. Rb8 a4 42. Rd8+ Kc6 43. Kf4 Rc2 0-1

[Event "Ct. Catalunya eq DH"]
[Site "?"]
[Date "2013.03.02"]
[Round "7.2"]
[White "Gonzalez Perez, A."]
[Black "Magem Badals, J."]
[Result "1/2-1/2"]
[WhiteElo "2491"]
[BlackElo "2571"]
[PlyCount "52"]
[EventDate "2013.??.??"]
[EventType "tourn"]
[EventRounds "11"]

1. e4 c6 2. d4 d5 3. Nc3 dxe4 4. Nxe4 Bf5 5. Ng3 Bg6 6. h4 h6 7. Nf3 Nd7 8. h5
Bh7 9. Bd3 Bxd3 10. Qxd3 e6 11. Bd2 Ngf6 12. O-O-O Be7 13. Kb1 Qb6 14. Ne4 Rd8
15. Nxf6+ Nxf6 16. Qe2 c5 17. Be3 O-O 18. dxc5 Bxc5 19. Bxc5 Qxc5 20. Ne5 Rd5
21. f4 Rfd8 22. a3 Ne4 23. Rxd5 Qxd5 24. Re1 f5 25. Nd3 Qd4 26. Rd1 Kh7 1/2-1/2

[Event "Ct. Catalunya eq DH"]
[Site "?"]
[Date "2013.03.02"]
[Round "7.2"]
[White "Muñoz Pantoja, M."]
[Black "Lorenzo de la Riva, L."]
[Result "1-0"]
[WhiteElo "2517"]
[BlackElo "2513"]
[PlyCount "95"]
[EventDate "2013.??.??"]
[EventType "tourn"]
[EventRounds "11"]

1. e4 c5 2. Nf3 e6 3. c4 Nc6 4. Nc3 a6 5. d4 cxd4 6. Nxd4 Qc7 7. Be3 Nf6 8. Rc1
Bb4 9. Nxc6 dxc6 10. Qb3 Bd6 11. g3 h5 12. c5 Be7 13. h3 e5 14. Bc4 O-O 15. Kf1
Bd7 16. Kg2 h4 17. Qd1 Rae8 18. b4 Bd8 19. Qe2 Be6 20. Bxe6 Rxe6 21. Rcd1 hxg3
22. fxg3 Nh7 23. Rd3 Be7 24. Rhd1 Rd8 25. Rxd8+ Bxd8 26. Qd3 Be7 27. Na4 Qb8
28. Nb6 Rg6 29. Kh2 Re6 30. Rd2 Bf6 31. Kg2 Re8 32. Qd6 Qxd6 33. Rxd6 Be7 34.
Rd2 Rd8 35. Nc4 Nf8 36. h4 f6 37. h5 Kf7 38. Kf3 Ke6 39. g4 Nd7 40. a3 Rb8 41.
Ke2 Rg8 42. Kf3 Rb8 43. Rd1 Rg8 44. Bf2 g6 45. hxg6 Rxg6 46. Na5 Bd8 47. Rd6+
Ke7 48. Nxb7 1-0

[Event "Ct. Catalunya eq DH"]
[Site "?"]
[Date "2013.03.02"]
[Round "7.2"]
[White "Narciso Dublan, M."]
[Black "Torrecillas Martinez, A."]
[Result "1-0"]
[WhiteElo "2549"]
[BlackElo "2407"]
[PlyCount "125"]
[EventDate "2013.??.??"]
[EventType "tourn"]
[EventRounds "11"]

1. c4 Nf6 2. Nc3 d5 3. cxd5 Nxd5 4. g3 g6 5. Bg2 Nb6 6. d3 Bg7 7. Be3 O-O 8.
Qd2 Nc6 9. Bxc6 bxc6 10. Bh6 a5 11. h4 Bxh6 12. Qxh6 Qd4 13. Nf3 Qg7 14. Qxg7+
Kxg7 15. O-O f6 16. Rfc1 Rd8 17. Ne4 f5 18. Ned2 Rd6 19. Ne5 Kf6 20. f4 Bb7 21.
Rc5 Ra6 22. Nb3 a4 23. Na5 Ba8 24. Naxc6 Bxc6 25. Rxc6 Rxc6 26. Nxc6 Nd5 27.
Ne5 Ra5 28. Rc1 Rb5 29. Rc5 c6 30. Rxc6+ Kg7 31. Nc4 Nb4 32. Rb6 Rxb6 33. Nxb6
Nxa2 34. Nxa4 Kf6 35. Nc5 Nb4 36. Kf2 h6 37. e4 g5 38. h5 gxf4 39. gxf4 Nc2 40.
Ke2 Nd4+ 41. Ke3 Nc2+ 42. Kd2 Nd4 43. b4 Nb5 44. Ke3 e6 45. Nd7+ Ke7 46. Ne5
Nc3 47. Nc6+ Kd6 48. Nd4 fxe4 49. dxe4 Nd1+ 50. Ke2 Nc3+ 51. Kd3 Nd1 52. Nf3
Nf2+ 53. Kd4 Nh1 54. Ne5 Ng3 55. Nf7+ Kd7 56. Nxh6 Nxh5 57. Ke5 Ng3 58. Nf7 Nf1
59. Ng5 Ne3 60. Nxe6 Ng4+ 61. Kf5 Ne3+ 62. Kf6 Ng4+ 63. Kf7 1-0

[Event "Ct. Catalunya eq DH"]
[Site "?"]
[Date "2013.03.02"]
[Round "7.2"]
[White "Perez Mitjans, O."]
[Black "Prie, E."]
[Result "1-0"]
[WhiteElo "2553"]
[BlackElo "2470"]
[PlyCount "55"]
[EventDate "2013.??.??"]
[EventType "tourn"]
[EventRounds "11"]

1. e4 d5 2. exd5 Qxd5 3. Nc3 Qa5 4. d4 Nf6 5. Nf3 Bf5 6. Ne5 c6 7. Bc4 e6 8.
O-O Nbd7 9. f4 Rd8 10. Kh1 $6 Bb4 $6 (10... Nxe5 $15 11. fxe5 Ng4 12. Bg5 Rd7
13. Bf4 Qb4 14. Bb3 Qxd4) 11. Ne2 $11 O-O 12. c3 Bd6 13. Ng3 c5 $2 (13... Bg6)
14. Nxf5 exf5 15. Qb3 $16 Bxe5 16. fxe5 Ne4 17. Rxf5 cxd4 18. Qc2 g6 19. Rxf7
Rxf7 20. Bxf7+ Kxf7 21. Qxe4 Qxe5 22. Qh4 Nf6 23. Bg5 dxc3 $2 (23... h6 $16 24.
Qxh6 dxc3 25. Bxf6 Qxf6 26. Qh7+ Kf8 27. bxc3) 24. Rf1 $18 c2 25. Bxf6 Rd1 26.
Qxh7+ Ke8 27. Qxg6+ Kd7 28. Qf7+ 1-0